Green Building Digest: Carpets & floor- coverings (Record no. 100238)

MARC details
000 -LEADER
fixed length control field 00734cam a2200229 4500
001 - CONTROL NUMBER
control field M99630
008 - FIXED-LENGTH DATA ELEMENTS--GENERAL INFORMATION
fixed length control field 000000n1996 000 0 eng u
022 ## - INTERNATIONAL STANDARD SERIAL NUMBER
International Standard Serial Number 13573098
035 ## - SYSTEM CONTROL NUMBER
System control number (Sirsi) u104318
041 ## - LANGUAGE CODE
Language code of text/sound track or separate title 333.72
110 ## - MAIN ENTRY--CORPORATE NAME
Corporate name or jurisdiction name as entry element Association of Community Technical Aid Centres
9 (RLIN) 3833
245 ## - TITLE STATEMENT
Title Green Building Digest: Carpets & floor- coverings
260 ## - PUBLICATION, DISTRIBUTION, ETC.
Place of publication, distribution, etc. Liverpool
Name of publisher, distributor, etc. ACTAC
Date of publication, distribution, etc. 1996
300 ## - PHYSICAL DESCRIPTION
Extent 13p. ; 30cm.
490 ## - SERIES STATEMENT
Series statement Green Building Digest
Volume/sequential designation Issue No.9 March 1996
650 ## - SUBJECT ADDED ENTRY--TOPICAL TERM
Topical term or geographic name entry element GREEN BUILDINGS
650 ## - SUBJECT ADDED ENTRY--TOPICAL TERM
Topical term or geographic name entry element Environment
9 (RLIN) 6238
650 ## - SUBJECT ADDED ENTRY--TOPICAL TERM
Topical term or geographic name entry element BUILT ENVIRONMENT-BUILDING MATERIALS
650 ## - SUBJECT ADDED ENTRY--TOPICAL TERM
Topical term or geographic name entry element ECO-FRIENDLY
690 ## - LOCAL SUBJECT ADDED ENTRY--TOPICAL TERM (OCLC, RLIN)
Topical term or geographic name as entry element BUILT ENVIRONMENT-BUILDING MAINTENANCE AND REFURBISHMENT-BUILDING CONSERVATION
942 ## - ADDED ENTRY ELEMENTS (KOHA)
Suppress in OPAC 0
Holdings
Withdrawn status Lost status Source of classification or shelving scheme Damaged status Not for loan Home library Current library Shelving location Date acquired Total Checkouts Full call number Barcode Date last seen Date last checked out Copy number Price effective from Koha item type
    Dewey Decimal Classification     London London Enquiry desk 23/02/2000 5 BOXED SET 30058723 06/08/2019 27/04/2006 1 06/08/2019 Book